Príspevok k problematike prenosu energie hydraulických systémov v časove premennom režime. /

Guardado en:
Detalles Bibliográficos
Autor principal: Kim, Jun Hum (Autor)
Formato: Manuscrito Libro
Publicado: Bratislava : SVŠT v Bratislave SjF, 1987
Etiquetas: Agregar Etiqueta
Sin Etiquetas, Sea el primero en etiquetar este registro!

MARC

LEADER 00000ntm a22000003a 4500
001 stu47877
005 20150617225710.6
008 ------s1987----cs----------------------d
040 |a STU  |b slo 
041 0
044 |a cs 
080 |a 62-585.23 
080 |a 621.226  |7 stu_us_auth*stu3203 
080 |a 681.3 
100 1 |a Kim, Jun Hum  |4 aut 
245 1 |a Príspevok k problematike prenosu energie hydraulických systémov v časove premennom režime. /  |c [aut.] Kim,Jun Hum 
260 |a Bratislava :  |b SVŠT v Bratislave SjF,  |c 1987 
300 |a 93 s 
996 |b J78797  |c J*78797/DIZ.  |l JJSK  |s A  |a 24  |w stu47877_0001